[Event "FIDE World Senior Team Championship 2020"]
[Site "Olympik hotel, Sokolovska 138, Prague"]
[Date "2020.03.09"]
[Round "4.1.1"]
[White "Arkell, Keith C"]
[Black "Shabalov, Alexander"]
[Result "0-1"]
[WhiteElo "2447"]
[BlackElo "2524"]
[PlyCount "100"]
[WhiteTeam "ENG1"]
[BlackTeam "USA1"]
[EventDate "2020.03.06"]

1. Nf3 f5 2. d4 Nf6 3. g3 g6 4. c4 Bg7 5. Bg2 O-O 6. Nc3 d6 7. O-O c6 8. Re1
Na6 9. e4 Nxe4 10. Nxe4 fxe4 11. Rxe4 Bf5 12. Re1 e5 13. dxe5 dxe5 14. Qxd8
Raxd8 15. Bg5 Rde8 16. Be3 Nb4 17. Bc5 Nc2 18. Bxf8 Rxf8 19. Rad1 e4 20. Ng5
Nxe1 21. Rxe1 Bxb2 22. Bxe4 Bc3 23. Rd1 Bg4 24. f3 Bc8 25. Kg2 Bf6 26. h4 Kg7
27. Bc2 Rd8 28. Rxd8 Bxd8 29. Ne4 b5 30. cxb5 cxb5 31. Bb3 Bb6 32. g4 Bb7 33.
g5 Bc6 34. Nf6 a5 35. Bd5 Bxd5 36. Nxd5 Ba7 37. Kh3 b4 38. Kg4 Bc5 39. Nf4 Kf7
40. Nd3 Bd6 41. Nb2 Ke6 42. h5 Be5 43. Nc4 a4 44. hxg6 hxg6 45. f4 Bd4 46. f5+
gxf5+ 47. Kf4 b3 48. axb3 axb3 49. g6 b2 50. Nd2 Kf6 0-1

[Event "FIDE World Senior Team Championship 2020"]
[Site "Olympik hotel, Sokolovska 138, Prague"]
[Date "2020.03.09"]
[Round "4.1.2"]
[White "Benjamin, Joel"]
[Black "Hebden, Mark L"]
[Result "1/2-1/2"]
[WhiteElo "2508"]
[BlackElo "2444"]
[PlyCount "68"]
[WhiteTeam "USA1"]
[BlackTeam "ENG1"]
[EventDate "2020.03.06"]

1. e4 e5 2. Nf3 Nc6 3. Bb5 a6 4. Ba4 Nf6 5. Nc3 b5 6. Bb3 Be7 7. a4 b4 8. Nd5
O-O 9. Nxf6+ Bxf6 10. Bd5 Bb7 11. O-O Rb8 12. c3 Na5 13. Bxb7 Rxb7 14. d4 d6
15. cxb4 Nc6 16. dxe5 dxe5 17. Bd2 Nxb4 18. Bc3 Qd6 19. Qe2 Qe6 20. Rfd1 Rfb8
21. Rd2 h6 22. h3 a5 23. Qe3 Qe7 24. Rad1 Nc6 25. Rd5 Qe6 26. R1d2 Nd4 27. Bxd4
exd4 28. Nxd4 Bxd4 29. R2xd4 Rxb2 30. Rxa5 Qa2 31. Rad5 c5 32. Rd2 Rxd2 33.
Rxd2 Qxa4 34. Qxc5 Qxe4 1/2-1/2

[Event "FIDE World Senior Team Championship 2020"]
[Site "Olympik hotel, Sokolovska 138, Prague"]
[Date "2020.03.09"]
[Round "4.1.3"]
[White "Flear, Glenn C"]
[Black "Novikov, Igor"]
[Result "1/2-1/2"]
[WhiteElo "2420"]
[BlackElo "2551"]
[PlyCount "50"]
[WhiteTeam "ENG1"]
[BlackTeam "USA1"]
[EventDate "2020.03.06"]

1. d4 d5 2. c4 e6 3. Nc3 c6 4. e3 Nf6 5. Nf3 Nbd7 6. Bd3 dxc4 7. Bxc4 b5 8. Bd3
Bb7 9. O-O b4 10. Ne4 Be7 11. Nxf6+ Nxf6 12. e4 O-O 13. e5 Nd7 14. Be4 Rb8 15.
a3 bxa3 16. b4 h6 17. Bb1 Re8 18. Qd3 Nf8 19. Qxa3 a5 20. Qxa5 Qd7 21. Qa3 Ra8
22. Qb2 Rxa1 23. Qxa1 Bxb4 24. Be4 c5 25. Bxb7 Qxb7 1/2-1/2

[Event "FIDE World Senior Team Championship 2020"]
[Site "Olympik hotel, Sokolovska 138, Prague"]
[Date "2020.03.09"]
[Round "4.1.4"]
[White "Yermolinsky, Alex"]
[Black "Plaskett, H James"]
[Result "1-0"]
[WhiteElo "2487"]
[BlackElo "2401"]
[PlyCount "99"]
[WhiteTeam "USA1"]
[BlackTeam "ENG1"]
[EventDate "2020.03.06"]

1. Nf3 Nf6 2. c4 e6 3. Nc3 b6 4. g3 Bb7 5. Bg2 Bb4 6. d3 O-O 7. e4 d5 8. e5
Nfd7 9. cxd5 Bxd5 10. O-O Bxc3 11. bxc3 c5 12. d4 Nc6 13. Ng5 Bxg2 14. Kxg2
Ndb8 15. Qf3 cxd4 16. cxd4 h6 17. Ne4 Qxd4 18. Ba3 Nxe5 19. Nf6+ gxf6 20. Qxa8
Re8 21. Rad1 Qa4 22. Bd6 Na6 23. Rd4 Qc6+ 24. Qxc6 Nxc6 25. Rg4+ Kh7 26. Rc1
Na5 27. Rc3 f5 28. Rh4 e5 29. Ra4 Re6 30. Bb4 Nxb4 31. Rxb4 Kg6 32. Rc7 Kf6 33.
Rh4 Kg6 34. Ra4 e4 35. Rxa7 Nc6 36. Rb7 Ne5 37. Rb4 Re8 38. R4xb6+ Kg7 39. Rb5
f4 40. gxf4 Nd3 41. Rf5 Rf8 42. h4 Kg6 43. Rbb5 f6 44. h5+ Kf7 45. Rb6 Ke7 46.
Kf1 Ra8 47. Rfxf6 Rxa2 48. Rbe6+ Kd7 49. Rxe4 Rxf2+ 50. Kg1 1-0

[Event "FIDE World Senior Team Championship 2020"]
[Site "Olympik hotel, Sokolovska 138, Prague"]
[Date "2020.03.09"]
[Round "4.2.1"]
[White "Petursson, Margeir"]
[Black "Hracek, Zbynek"]
[Result "1/2-1/2"]
[WhiteElo "2466"]
[BlackElo "2572"]
[PlyCount "53"]
[WhiteTeam "ISL"]
[BlackTeam "CZE1"]
[EventDate "2020.03.06"]

1. c4 c5 2. Nf3 Nc6 3. Nc3 e5 4. d3 g6 5. Bg5 f6 6. Bd2 Bg7 7. a3 a5 8. g3 Nge7
9. Bg2 d6 10. O-O Be6 11. Ne1 Qd7 12. Nd5 Rb8 13. b4 axb4 14. axb4 cxb4 15.
Nxb4 Nxb4 16. Bxb4 Nc6 17. Rb1 d5 18. cxd5 Bxd5 19. Bxd5 Qxd5 20. Nc2 Kf7 21.
e4 Qe6 22. Ne3 Rhd8 23. Nd5 Rd7 24. Bc5 Bf8 25. Bb6 Bd6 26. Qa4 h5 27. Kg2
1/2-1/2

[Event "FIDE World Senior Team Championship 2020"]
[Site "Olympik hotel, Sokolovska 138, Prague"]
[Date "2020.03.09"]
[Round "4.2.2"]
[White "Velicka, Petr"]
[Black "Thorhallsson, Throstur"]
[Result "1/2-1/2"]
[WhiteElo "2425"]
[BlackElo "2424"]
[PlyCount "103"]
[WhiteTeam "CZE1"]
[BlackTeam "ISL"]
[EventDate "2020.03.06"]

1. e4 c5 2. Nf3 d6 3. Bb5+ Nd7 4. d4 cxd4 5. Qxd4 a6 6. Bxd7+ Bxd7 7. O-O Bg4
8. Nbd2 Nf6 9. h3 Bh5 10. b3 e6 11. c4 Be7 12. Bb2 O-O 13. g4 Bg6 14. Nh2 Rc8
15. Rac1 Qa5 16. Bc3 Qc7 17. Bb2 Rfd8 18. Qe3 Qa5 19. Bc3 Qa3 20. Qe2 d5 21.
cxd5 exd5 22. Nb1 Qd6 23. e5 Qe6 24. Bd4 Ne4 25. Qe3 f6 26. exf6 Bxf6 27. Nd2
Rxc1 28. Rxc1 Bxd4 29. Qxd4 Nxd2 30. Qxd2 d4 31. Nf1 d3 32. Rc7 h6 33. Rxb7 Qf6
34. Rc7 Re8 35. Ne3 Rf8 36. Nd5 Qa1+ 37. Rc1 Qe5 38. Nc3 Rf3 39. Re1 Qf6 40.
Nd5 Qh4 41. Ne7+ Kh7 42. Nxg6 Kxg6 43. Re3 Rxe3 44. Qxe3 Qd8 45. Qd2 Qd5 46. b4
Kh7 47. a3 Qf3 48. a4 Qd5 49. Kh2 Qf3 50. Kg1 Kg8 51. Qc1 Qd5 52. Qd2 1/2-1/2

[Event "FIDE World Senior Team Championship 2020"]
[Site "Olympik hotel, Sokolovska 138, Prague"]
[Date "2020.03.09"]
[Round "4.2.3"]
[White "Jonsson, Bjorgvin"]
[Black "Langner, Ladislav"]
[Result "1/2-1/2"]
[WhiteElo "2324"]
[BlackElo "2377"]
[PlyCount "87"]
[WhiteTeam "ISL"]
[BlackTeam "CZE1"]
[EventDate "2020.03.06"]

1. e4 g6 2. d4 Bg7 3. Nc3 c6 4. Be3 d5 5. f3 dxe4 6. fxe4 Nf6 7. Nf3 Qa5 8. Bd3
Ng4 9. Bd2 Qc7 10. Qe2 e5 11. d5 Nd7 12. a4 O-O 13. O-O a5 14. Bc4 Nb6 15. Bb3
Bd7 16. h3 Nf6 17. Be3 cxd5 18. exd5 Rac8 19. Rad1 e4 20. Nd4 Bxh3 21. Ndb5 Qg3
22. Qf2 Qg4 23. Bxb6 Nh5 24. Bd4 Nf4 25. Bxg7 Nxg2 26. Be5 Nf4+ 27. Kh2 Bxf1
28. Bxf4 Bxb5 29. axb5 Rxc3 30. bxc3 Qxd1 31. d6 Rc8 32. Bg3 Qh5+ 33. Kg2 g5
34. Qe3 Qg4 35. Bd5 Re8 36. Bxb7 f5 37. d7 Rd8 38. Bd5+ Kg7 39. Bc6 f4 40. Qd4+
Kh6 41. Qf6+ Kh5 42. Qf7+ Kh6 43. Qf6+ Kh5 44. Qf7+ 1/2-1/2

[Event "FIDE World Senior Team Championship 2020"]
[Site "Olympik hotel, Sokolovska 138, Prague"]
[Date "2020.03.09"]
[Round "4.2.4"]
[White "Konopka, Michal"]
[Black "Gislason, Gudmundur"]
[Result "1-0"]
[WhiteElo "2353"]
[BlackElo "2322"]
[PlyCount "67"]
[WhiteTeam "CZE1"]
[BlackTeam "ISL"]
[EventDate "2020.03.06"]

1. Nf3 Nf6 2. c4 g6 3. g3 Bg7 4. Bg2 O-O 5. O-O c6 6. d4 d6 7. Nc3 Nbd7 8. e4
e5 9. h3 Re8 10. Re1 a5 11. Qc2 exd4 12. Nxd4 Ne5 13. b3 d5 14. cxd5 cxd5 15.
Bg5 dxe4 16. Nxe4 Qxd4 17. Nxf6+ Bxf6 18. Bxf6 Nf3+ 19. Bxf3 Rxe1+ 20. Rxe1
Qxf6 21. Re8+ Kg7 22. Be4 Qd4 23. Rxc8 Rxc8 24. Qxc8 Qxe4 25. Qc3+ f6 26. Qxa5
g5 27. Qa4 Qd5 28. Qc4 Qe5 29. a4 h5 30. Kg2 f5 31. Qd3 h4 32. gxh4 gxh4 33.
Qd7+ Kh6 34. Qxb7 1-0

[Event "FIDE World Senior Team Championship 2020"]
[Site "Olympik hotel, Sokolovska 138, Prague"]
[Date "2020.03.09"]
[Round "4.3.1"]
[White "Graf, Alexander"]
[Black "Ftacnik, Lubomir"]
[Result "0-1"]
[WhiteElo "2575"]
[BlackElo "2513"]
[PlyCount "100"]
[WhiteTeam "GER"]
[BlackTeam "SVK"]
[EventDate "2020.03.06"]

1. d4 Nf6 2. Nf3 g6 3. c3 Bg7 4. Bg5 b6 5. Nbd2 Bb7 6. e3 O-O 7. Bd3 c5 8. O-O
d6 9. h3 Nc6 10. a3 h6 11. Bh4 cxd4 12. exd4 e5 13. Re1 exd4 14. cxd4 Re8 15.
Rxe8+ Qxe8 16. Nc4 Qd7 17. Bg3 Nh5 18. Bh2 Bf8 19. d5 Nb8 20. Nfd2 Bxd5 21. Ne4
Nc6 22. Nexd6 Nf6 23. Nb5 Rd8 24. Bf1 Bc5 25. b4 Bf8 26. Ne3 Be6 27. Qf3 Be7
28. Rd1 Qc8 29. Rc1 Nd4 30. Nxd4 Qxc1 31. Nc6 Kf8 32. Nxd8 Bxd8 33. Qa8 Ke8 34.
Qxa7 Ne4 35. Qa4+ Bd7 36. Qc2 Qxc2 37. Nxc2 Bh4 38. g3 Bf6 39. g4 Nd2 40. Be2
Ba4 41. Ne3 Bd4 42. Bf4 Nb1 43. Nc4 g5 44. Bc1 Bd7 45. Bd3 Nc3 46. Bd2 Nd5 47.
Nd6+ Ke7 48. Nf5+ Bxf5 49. Bxf5 Kd6 50. a4 Ke5 0-1

[Event "FIDE World Senior Team Championship 2020"]
[Site "Olympik hotel, Sokolovska 138, Prague"]
[Date "2020.03.09"]
[Round "4.3.2"]
[White "Stohl, Igor"]
[Black "Jussupow, Artur"]
[Result "1/2-1/2"]
[WhiteElo "2470"]
[BlackElo "2560"]
[PlyCount "59"]
[WhiteTeam "SVK"]
[BlackTeam "GER"]
[EventDate "2020.03.06"]

1. Nf3 Nf6 2. c4 e6 3. d4 Bb4+ 4. Bd2 a5 5. g3 b6 6. Bg2 Bb7 7. O-O O-O 8. Bf4
Be7 9. Nc3 Ne4 10. Qc2 Nxc3 11. Qxc3 d6 12. Rad1 Nd7 13. Ne1 Bxg2 14. Nxg2 Bf6
15. Qc2 Re8 16. Bc1 e5 17. dxe5 Nxe5 18. Nf4 Bg5 19. Nd5 Bxc1 20. Qxc1 Qd7 21.
b3 Nc6 22. Rfe1 Nb4 23. Nc3 Qh3 24. e4 Rac8 25. Qd2 Na6 26. f3 Nc5 27. Qg2 Qe6
28. Qd2 Qh3 29. Qg2 Qe6 30. Qd2 1/2-1/2

[Event "FIDE World Senior Team Championship 2020"]
[Site "Olympik hotel, Sokolovska 138, Prague"]
[Date "2020.03.09"]
[Round "4.3.3"]
[White "Levin, Felix"]
[Black "Motuz, Karol"]
[Result "1/2-1/2"]
[WhiteElo "2480"]
[BlackElo "2368"]
[PlyCount "55"]
[WhiteTeam "GER"]
[BlackTeam "SVK"]
[EventDate "2020.03.06"]

1. d4 d5 2. c4 e6 3. Nf3 Nf6 4. g3 dxc4 5. Bg2 a6 6. O-O Nc6 7. e3 Bd7 8. Qe2
Bd6 9. Qxc4 O-O 10. Rd1 Qe7 11. Qe2 Rab8 12. Nbd2 b5 13. b3 e5 14. dxe5 Nxe5
15. Bb2 h6 16. Rac1 c5 17. Nxe5 Bxe5 18. Bxe5 Qxe5 19. Ne4 Nxe4 20. Rxd7 Nc3
21. Qd2 b4 22. Rc2 Rfe8 23. Qd3 a5 24. Rd2 Re7 25. Rd8+ Re8 26. Rd7 Re7 27.
Rd8+ Re8 28. Rd7 1/2-1/2

[Event "FIDE World Senior Team Championship 2020"]
[Site "Olympik hotel, Sokolovska 138, Prague"]
[Date "2020.03.09"]
[Round "4.3.4"]
[White "Petran, Peter"]
[Black "Meister, Jakob"]
[Result "0-1"]
[WhiteElo "2268"]
[BlackElo "2427"]
[PlyCount "98"]
[WhiteTeam "SVK"]
[BlackTeam "GER"]
[EventDate "2020.03.06"]

1. c4 c5 2. g3 Nc6 3. Bg2 g6 4. Nc3 Bg7 5. d3 Nh6 6. e4 d6 7. Nge2 f5 8. O-O
O-O 9. Rb1 Ng4 10. h3 Nf6 11. exf5 Bxf5 12. g4 Bd7 13. Be3 e5 14. Bg5 h6 15.
Bd2 h5 16. g5 Ne8 17. Nd5 Nc7 18. Nxc7 Qxc7 19. Nc3 Bf5 20. Be3 Qd7 21. h4 Rae8
22. Ne4 Rd8 23. a3 Nd4 24. Bxd4 cxd4 25. Qf3 Be6 26. Qg3 Rf4 27. f3 b6 28. Rbe1
Qa4 29. Rf2 Kh8 30. Rfe2 Qc6 31. Rd1 b5 32. b3 a5 33. Qe1 Qb6 34. Rc1 Bf8 35.
a4 bxc4 36. bxc4 Rb8 37. c5 dxc5 38. Nxc5 Bxc5 39. Rec2 Bd6 40. Rc6 Qd8 41. Ra6
Ra8 42. Rcc6 Rxa6 43. Rxa6 Qc7 44. Rxa5 Rf8 45. Rb5 Bf5 46. Qb1 Rc8 47. Bf1 Qc2
48. Qxc2 Rxc2 49. Rd5 Bc7 0-1

[Event "FIDE World Senior Team Championship 2020"]
[Site "Olympik hotel, Sokolovska 138, Prague"]
[Date "2020.03.09"]
[Round "4.4.1"]
[White "Vokac, Marek"]
[Black "Potapov, Alexander"]
[Result "1/2-1/2"]
[WhiteElo "2348"]
[BlackElo "2413"]
[PlyCount "84"]
[WhiteTeam "CZE2"]
[BlackTeam "RUS1"]
[EventDate "2020.03.06"]

1. Nf3 Nf6 2. c4 e6 3. b3 d5 4. Bb2 Be7 5. g3 O-O 6. Bg2 c5 7. cxd5 exd5 8. d4
Nc6 9. O-O Be6 10. Nc3 h6 11. Rc1 Re8 12. dxc5 Bxc5 13. Nb5 Bb6 14. Nbd4 Rc8
15. Nxe6 fxe6 16. e3 Qe7 17. Ne5 Nxe5 18. Bxe5 Rc6 19. Rxc6 bxc6 20. Qc2 Ng4
21. Bb2 Rf8 22. Qe2 Qg5 23. Bc1 e5 24. h3 Nf6 25. Qc2 c5 26. Bxd5+ Nxd5 27. e4
Nf4 28. Qc4+ Rf7 29. Kh2 Bc7 30. Rg1 Qh5 31. gxf4 exf4 32. Qe6 Qe2 33. Qe8+ Kh7
34. Qxf7 Qxf2+ 35. Kh1 Qf3+ 36. Kh2 Qf2+ 37. Kh1 Qf3+ 38. Kh2 Qe2+ 39. Kh1
Qxe4+ 40. Rg2 Qe1+ 41. Rg1 Qe4+ 42. Rg2 Qe1+ 1/2-1/2

[Event "FIDE World Senior Team Championship 2020"]
[Site "Olympik hotel, Sokolovska 138, Prague"]
[Date "2020.03.09"]
[Round "4.4.2"]
[White "Sergeyev, Alexander"]
[Black "Zpevak, Pavel"]
[Result "0-1"]
[WhiteElo "2398"]
[BlackElo "2344"]
[PlyCount "82"]
[WhiteTeam "RUS1"]
[BlackTeam "CZE2"]
[EventDate "2020.03.06"]

1. c4 Nf6 2. Nc3 e5 3. Nf3 Nc6 4. g3 Bc5 5. d3 h6 6. Bg2 d6 7. O-O a6 8. a3 O-O
9. b4 Ba7 10. b5 axb5 11. cxb5 Na5 12. Bd2 Be6 13. Rb1 c6 14. bxc6 bxc6 15. Qc2
Nd7 16. Rb2 Bc5 17. a4 Ba3 18. Rbb1 d5 19. Na2 Be7 20. Bb4 c5 21. Ba3 Nc6 22.
Rb5 Qc8 23. Rfb1 e4 24. dxe4 dxe4 25. Qxe4 Bxa2 26. Rc1 Be6 27. Bb2 Qa6 28. Nd2
Rfc8 29. Ra1 Ra7 30. h4 Rac7 31. e3 Na7 32. Bf1 Nxb5 33. axb5 Qd6 34. Nc4 Bxc4
35. Bxc4 Bf6 36. Bxf6 Nxf6 37. Qf5 Re8 38. Ra6 Qe5 39. Qg6 Rd7 40. b6 Qc3 41.
Ba2 Qa1+ 0-1

[Event "FIDE World Senior Team Championship 2020"]
[Site "Olympik hotel, Sokolovska 138, Prague"]
[Date "2020.03.09"]
[Round "4.4.3"]
[White "Polasek, Jaroslav"]
[Black "Goriatchkin, Jouri"]
[Result "1/2-1/2"]
[WhiteElo "2365"]
[BlackElo "2310"]
[PlyCount "108"]
[WhiteTeam "CZE2"]
[BlackTeam "RUS1"]
[EventDate "2020.03.06"]

1. e4 e6 2. d4 d5 3. Nc3 Nf6 4. e5 Nfd7 5. f4 c5 6. Nf3 Nc6 7. Be3 a6 8. Qd2 b5
9. Qf2 Qb6 10. Bd3 cxd4 11. Nxd4 Bc5 12. Nce2 b4 13. O-O f6 14. exf6 Nxf6 15.
Nf5 d4 16. Bxd4 Nxd4 17. Nfxd4 Ng4 18. Qf3 Bxd4+ 19. Nxd4 Qxd4+ 20. Kh1 Ra7 21.
Qxg4 O-O 22. Qh5 g6 23. Qe5 Rd8 24. a3 b3 25. Rae1 bxc2 26. Bxc2 Qxe5 27. Rxe5
Rd2 28. Bb3 Rxb2 29. Bxe6+ Bxe6 30. Rxe6 Ra2 31. Re3 Rd7 32. h4 Rdd2 33. Rg3
Rf2 34. Kg1 Rxf1+ 35. Kxf1 Ra1+ 36. Kf2 Ra2+ 37. Kg1 Ra1+ 38. Kf2 Ra2+ 39. Kg1
Ra1+ 40. Kh2 Rf1 41. h5 Rxf4 42. hxg6 h5 43. Rg5 Ra4 44. Rxh5 Rxa3 45. Rh7 Rd3
46. Ra7 Rd6 47. g7 Rh6+ 48. Kg3 Rg6+ 49. Kf3 Rf6+ 50. Ke4 Rg6 51. Kf3 Rf6+ 52.
Kg3 Rg6+ 53. Kf2 Rf6+ 54. Kg1 Rg6 1/2-1/2

[Event "FIDE World Senior Team Championship 2020"]
[Site "Olympik hotel, Sokolovska 138, Prague"]
[Date "2020.03.09"]
[Round "4.4.4"]
[White "Tolstikh, Nikolay"]
[Black "Vrbata, Zbynek"]
[Result "1/2-1/2"]
[WhiteElo "2320"]
[BlackElo "2350"]
[PlyCount "258"]
[WhiteTeam "RUS1"]
[BlackTeam "CZE2"]
[EventDate "2020.03.06"]

1. d4 Nf6 2. c4 g6 3. Nf3 Bg7 4. g3 O-O 5. Bg2 d6 6. O-O c6 7. Nc3 Qa5 8. Bd2
Qa6 9. b3 d5 10. cxd5 cxd5 11. Ne5 Nc6 12. Nxc6 bxc6 13. Rc1 Bf5 14. Bf4 Nd7
15. Qd2 e5 16. Be3 Rfe8 17. Rfe1 Bf8 18. dxe5 Rxe5 19. Bd4 Re6 20. Na4 h5 21.
Bf1 Qb7 22. Nc5 Nxc5 23. Bxc5 Bg7 24. Bd4 Bxd4 25. Qxd4 Qb6 26. Red1 Rd8 27.
Rd2 Red6 28. Rc5 Rb8 29. Rd1 Re8 30. Rdc1 Bd7 31. Qf4 Rde6 32. e3 Re5 33. Bd3
Kg7 34. Qd4 Kg8 35. b4 R5e7 36. Kg2 Rb8 37. a3 Be8 38. Qf4 Kg7 39. h3 Rd8 40.
Qd4+ f6 41. Ra5 Qxd4 42. exd4 Rb8 43. h4 Kf7 44. Kf3 Bd7 45. Kg2 Be8 46. Rc3
Rb6 47. Rc2 Kf8 48. Kf3 Kf7 49. Re2 Rbb7 50. Re3 Kf8 51. Ke2 Kf7 52. Kd2 Kf8
53. Ra6 Kf7 54. Rxe7+ Kxe7 55. Kc3 g5 56. a4 Rc7 57. Ra5 Kd6 58. Kd2 Rb7 59. b5
cxb5 60. axb5 Rb6 61. Kc3 Rb7 62. Kb4 Rc7 63. Ra6+ Ke7 64. f4 gxh4 65. gxh4 Bf7
66. Ra1 Rb7 67. Re1+ Kd6 68. Rc1 Be8 69. Ra1 Rc7 70. Kb3 Rb7 71. Ra6+ Ke7 72.
Kb4 Rc7 73. f5 Bd7 74. Ra1 Kd6 75. Rg1 Be8 76. Ra1 Bd7 77. Ra2 Ke7 78. Ra3 Kd6
79. Ra1 Ke7 80. Rg1 Be8 81. Re1+ Kf7 82. Re6 Rc1 83. Ra6 Rc7 84. Rd6 Rc1 85.
Rxd5 Rh1 86. Rc5 Rxh4 87. Rc7+ Kf8 88. Kc5 Rh3 89. Bc4 Ra3 90. Rh7 Ra5 91. Kb4
Ra1 92. d5 Kg8 93. Re7 Bf7 94. Re4 Rb1+ 95. Kc5 Rc1 96. Re7 Ra1 97. Re3 Kf8 98.
Kd4 Rd1+ 99. Bd3 Be8 100. Kc5 Rc1+ 101. Kb4 Bd7 102. d6 h4 103. Rh3 Rd1 104.
Kc3 Rc1+ 105. Kb4 Rd1 106. Kc4 Rc1+ 107. Kd4 Rd1 108. Kc5 Rc1+ 109. Kb4 Rd1
110. Kb3 Bc8 111. Kb2 Bd7 112. Kb3 Bc8 113. Kb4 Bd7 114. Re3 Rg1 115. Kc5 Rg3
116. Kd4 Rg4+ 117. Kc3 Rg7 118. Rh3 Rg3 119. Rxh4 Bxf5 120. Rf4 Bxd3 121. Rxf6+
Ke8 122. Re6+ Kd8 123. Kb4 Rg5 124. Re7 Rxb5+ 125. Kc3 Rd5 126. Rxa7 Rxd6 127.
Ra4 Bb5 128. Rd4 Kc7 129. Rxd6 Kxd6 1/2-1/2

[Event "FIDE World Senior Team Championship 2020"]
[Site "Olympik hotel, Sokolovska 138, Prague"]
[Date "2020.03.09"]
[Round "4.5.1"]
[White "Sirotkina, Nina"]
[Black "Kubikova, Hana"]
[Result "1-0"]
[WhiteElo "2183"]
[BlackElo "2064"]
[PlyCount "107"]
[WhiteTeam "RUSW"]
[BlackTeam "CZEW1"]
[EventDate "2020.03.06"]

1. d4 Nf6 2. Bf4 d5 3. e3 e6 4. Nf3 c5 5. c3 Nc6 6. Nbd2 Bd6 7. Bg3 O-O 8. Bb5
cxd4 9. exd4 Qc7 10. Bxd6 Qxd6 11. O-O Ne7 12. Ne5 Ng6 13. Re1 Qb6 14. Nxg6
hxg6 15. Qb3 Qd6 16. Bd3 Ng4 17. Nf3 b6 18. Qd1 Bd7 19. Qd2 Rae8 20. Qg5 f5 21.
h3 e5 22. hxg4 e4 23. Ne5 exd3 24. Nxd3 fxg4 25. Ne5 Bf5 26. Nxg4 Bxg4 27. Qxg4
Qf6 28. Qg3 Re4 29. Rxe4 dxe4 30. Re1 Qf5 31. Qe3 Qa5 32. Qxe4 Qxa2 33. Qe6+
Qxe6 34. Rxe6 Rf5 35. Re7 a5 36. Kf1 Rb5 37. Re2 a4 38. Rc2 Rd5 39. Ke2 Kf7 40.
Kd3 b5 41. Re2 Rd7 42. c4 bxc4+ 43. Kxc4 Rc7+ 44. Kb5 Rd7 45. Kc5 Rc7+ 46. Kd6
Ra7 47. d5 a3 48. bxa3 Rxa3 49. Kc6 Rc3+ 50. Kd7 Rc1 51. d6 Rc5 52. Kd8 Rc6 53.
d7 Rc4 54. Re3 1-0

[Event "FIDE World Senior Team Championship 2020"]
[Site "Olympik hotel, Sokolovska 138, Prague"]
[Date "2020.03.09"]
[Round "4.5.2"]
[White "Svobodova, Michaela"]
[Black "Bogumil, Tatiana"]
[Result "0-1"]
[WhiteElo "1988"]
[BlackElo "2182"]
[PlyCount "104"]
[WhiteTeam "CZEW1"]
[BlackTeam "RUSW"]
[EventDate "2020.03.06"]

1. e4 g6 2. d4 Bg7 3. Nf3 d6 4. Nc3 c6 5. Be3 b5 6. Bd3 Bb7 7. Qd2 Nd7 8. O-O
Qc7 9. a4 b4 10. Ne2 a5 11. c3 bxc3 12. bxc3 Ba6 13. Rab1 Bxd3 14. Qxd3 Ngf6
15. Nd2 O-O 16. Bg5 h6 17. Bh4 Rfb8 18. f4 Rxb1 19. Rxb1 Rb8 20. e5 Rxb1+ 21.
Qxb1 dxe5 22. fxe5 Nd5 23. Nc4 Nf8 24. Qb3 Ne6 25. Bg3 h5 26. Kf1 Bh6 27. Be1
Qa7 28. Bf2 Qa6 29. Ke1 Kg7 30. g3 Ng5 31. Kd1 Ne4 32. Bg1 h4 33. gxh4 Qc8 34.
Ke1 Qg4 35. Bf2 Nxf2 36. Kxf2 Qxh4+ 37. Kg2 Qe4+ 38. Kf2 Qh4+ 39. Kg2 Qe4+ 40.
Kf2 Qh1 41. Ng3 Qxh2+ 42. Kf3 Bf4 43. Nf1 Qh3+ 44. Kf2 Bg5 45. Qc2 Nxc3 46.
Nxa5 Qh4+ 47. Kg2 Qxd4 48. Nb3 Qd5+ 49. Kg1 Nxa4 50. Nbd2 Bxd2 51. Qxa4 Bc3 52.
Qc2 Qxe5 0-1

[Event "FIDE World Senior Team Championship 2020"]
[Site "Olympik hotel, Sokolovska 138, Prague"]
[Date "2020.03.09"]
[Round "4.6.2"]
[White "Plotkin, Victor"]
[Black "Pilar, Miloslav"]
[Result "1-0"]
[WhiteElo "2339"]
[BlackElo "2056"]
[PlyCount "101"]
[WhiteTeam "CAN"]
[BlackTeam "CZE7"]
[EventDate "2020.03.06"]

1. e4 e6 2. d4 d5 3. Nc3 Bb4 4. exd5 exd5 5. Bd3 Nf6 6. Nge2 O-O 7. O-O Bg4 8.
f3 Bh5 9. Nf4 Bg6 10. Nxg6 hxg6 11. Bg5 c6 12. Ne2 Bd6 13. Qd2 Nbd7 14. Rfe1
Qc7 15. g3 Rfe8 16. Kg2 Nh7 17. Be3 Re7 18. Bf2 Rae8 19. Ng1 Rxe1 20. Rxe1 Rxe1
21. Qxe1 Qd8 22. Bxg6 Nhf8 23. Bd3 a6 24. h4 Ne6 25. Nh3 Qf6 26. c3 Ndf8 27.
Qe3 Nc7 28. Ng5 Nce6 29. Bc2 Nxg5 30. Qxg5 Qxg5 31. hxg5 Ne6 32. f4 g6 33. Kf3
Kg7 34. Be3 Be7 35. Bd3 Bd8 36. Ke2 Be7 37. Kd2 c5 38. Bf1 c4 39. Bg2 Nc7 40.
g4 Bd6 41. Ke2 b5 42. Kf3 Kf8 43. Bf1 a5 44. Be2 b4 45. Bd1 Nb5 46. Bd2 bxc3
47. bxc3 Ba3 48. Ba4 Nc7 49. f5 Ke7 50. Bf4 Bd6 51. Be5 1-0

[Event "FIDE World Senior Team Championship 2020"]
[Site "Olympik hotel, Sokolovska 138, Prague"]
[Date "2020.03.09"]
[Round "4.7.1"]
[White "Matveeva, Svetlana"]
[Black "Jakel, Wolfgang"]
[Result "1-0"]
[WhiteElo "2375"]
[BlackElo "2260"]
[PlyCount "63"]
[WhiteTeam "RUS2"]
[BlackTeam "GER4"]
[EventDate "2020.03.06"]

1. d4 f5 2. g3 Nf6 3. Bg2 g6 4. b3 Bg7 5. Bb2 O-O 6. Nd2 d6 7. Ngf3 Qe8 8. O-O
c6 9. c4 Ne4 10. Nxe4 fxe4 11. Ng5 d5 12. f3 h6 13. Nh3 exf3 14. exf3 dxc4 15.
bxc4 Be6 16. Rc1 Qf7 17. Qe2 Bf6 18. Nf4 Bf5 19. d5 Na6 20. Rfe1 g5 21. Ne6
Bxe6 22. Bxf6 exf6 23. dxe6 Qe7 24. f4 f5 25. Qh5 Kg7 26. fxg5 hxg5 27. Re5 Qf6
28. Rce1 Nc7 29. e7 Rh8 30. Qf3 Kg6 31. Qd3 Rae8 32. Rxf5 1-0

[Event "FIDE World Senior Team Championship 2020"]
[Site "Olympik hotel, Sokolovska 138, Prague"]
[Date "2020.03.09"]
[Round "4.7.4"]
[White "Hoehn, Michael"]
[Black "Chudinovskikh, Alexander M"]
[Result "0-1"]
[WhiteElo "2036"]
[BlackElo "2139"]
[PlyCount "46"]
[WhiteTeam "GER4"]
[BlackTeam "RUS2"]
[EventDate "2020.03.06"]

1. e4 g6 2. Bc4 Bg7 3. Nf3 c6 4. O-O d5 5. exd5 cxd5 6. Bb3 Nc6 7. h3 Nf6 8. d4
O-O 9. Bf4 Bf5 10. Ne5 Rc8 11. c3 Na5 12. Bc2 Bxc2 13. Qxc2 b5 14. Qe2 Nc4 15.
b3 Nd6 16. a4 b4 17. cxb4 Qb6 18. Nf3 Nf5 19. b5 Ne4 20. Be5 Bxe5 21. a5 Nxd4
22. Nxd4 Qxd4 23. Ra4 Qc5 0-1

[Event "FIDE World Senior Team Championship 2020"]
[Site "Olympik hotel, Sokolovska 138, Prague"]
[Date "2020.03.09"]
[Round "4.8.1"]
[White "Sorm, Daniel"]
[Black "Vltavsky, Vladimir"]
[Result "1/2-1/2"]
[WhiteElo "2328"]
[BlackElo "2212"]
[PlyCount "109"]
[WhiteTeam "CZE3"]
[BlackTeam "CZE4"]
[EventDate "2020.03.06"]

1. d4 Nf6 2. Nf3 e6 3. e3 b6 4. Bd3 Bb7 5. O-O Be7 6. c4 O-O 7. Nc3 d5 8. cxd5
exd5 9. Ne5 c5 10. Qf3 Nbd7 11. Rd1 Bd6 12. Nxd7 Qxd7 13. Bf5 Qe7 14. Nb5 Bb8
15. Bd2 a6 16. Nc3 Bc7 17. Rac1 Rab8 18. Na4 Bc6 19. Bc2 Ne4 20. Be1 c4 21. Qe2
b5 22. Nc3 Nxc3 23. bxc3 f5 24. f3 Rbe8 25. Bf2 Qf7 26. Re1 Qh5 27. h3 Rf6 28.
Qd2 Rg6 29. Kf1 Rf6 30. a4 Rff8 31. axb5 axb5 32. Ra1 Ra8 33. Reb1 Qf7 34. Qe1
Rfe8 35. Rxa8 Rxa8 36. Ra1 Rxa1 37. Qxa1 g6 38. Qa6 Qd7 39. Bh4 Kf7 40. Bg5 Bd6
41. Bf4 Bxf4 42. exf4 Qb7 43. Qa5 Qb8 44. g3 h5 45. h4 Ke7 46. Ke2 Kd7 47. Kd2
Qc7 48. Qa3 Qd6 49. Qa7+ Qc7 50. Qa6 Qd6 51. Qa7+ Qc7 52. Qa1 Qd6 53. Qa7+ Qc7
54. Qc5 Qd6 55. Qa7+ 1/2-1/2